Statistics for Michelle Pfeiffer Filmography

Click here to take the quiz!

General Stats

  • This quiz has been taken 102 times
    (45 since last reset)
  • The average score is 37 of 65

Answer Stats

Type Year Name % Correct
Film1982Grease 2
95%
Film1992Batman Returns
90%
Film2007Stardust
90%
Film1988Dangerous Liaisons
90%
Film1983Scarface
90%
Film1995Dangerous Minds
90%
Film1996One Fine Day
85%
Film1989The Fabulous Baker Boys
85%
Film1988Married to the Mob
85%
Film2013The Family
85%
Film2018Ant-Man and the Wasp
85%
Film2019Avengers: Endgame
80%
Film2007Hairspray
80%
Film1991Frankie and Johnny
80%
Film2002White Oleander
75%
Film2000What Lies Beneath
75%
Film1999The Story of Us
75%
Film1998The Prince of Egypt
75%
Film1994Wolf
75%
Film1987The Witches of Eastwick
75%
Film2003Sinbad: Legend of the Seven Seas
70%
Film2017Murder on the Orient Express
70%
Film1993The Age of Innocence
70%
Film2011New Year's Eve
70%
Film1990The Russia House
70%
Film2012Dark Shadows
70%
Film2019Maleficent: Mistress of Evil
65%
Film2017Where Is Kyra?
65%
Film1997A Thousand Acres
65%
Film2009Chéri
65%
Film1985Into the Night
65%
Film2001i am sam
65%
Film1992Love Field
60%
Film1996Up Close & Personal
60%
Film1996To Gillian on Her 37th Birthday
60%
Film2012People Like Us
60%
Film1999The Deep End of the Ocean
55%
Film2007I Could Never Be Your Woman
55%
Film2020French Exit
55%
Film1988Tequila Sunrise
55%
Film1980Falling in Love Again
55%
Film1985Ladyhawke
55%
TV Show1978, 1981Fantasy Island
50%
TV Show1979CHiPS
50%
Film1999A Midsummer Night's Dream
50%
TV Film2017The Wizard of Lies
50%
TV Special1985One Too Many
50%
Film2008Personal Effects
45%
TV Show1980Enos
45%
Film1981Charlie Chan and the Curse of the Dragon Queen
40%
Film1987Amazon Women on the Moon
40%
Film2017mother!
40%
TV Show1993The Simpsons
35%
Theater1989Twelfth Night
35%
TV Show1996Muppets Tonight
25%
Film1986Sweet Liberty
20%
TV Film1981Callie & Son
10%
TV Show1995Picket Fences
10%
Film1980The Hollywood Knights
10%
TV Film1981The Children Nobody Wanted
10%
TV Film1981Splendor in the Grass
5%
TV Show1980B.A.D. Cats
5%
TV Show1987Great Performances
5%
TV Show1979Delta House
5%
TV Film1979The Solitary Man
5%

Score Distribution

Percentile by Number Answered

Percent of People with Each Score

Your Score History

You have not taken this quiz since the last reset